| 000 | 00728nam a22001937a 4500 | ||
|---|---|---|---|
| 999 |
_c176577 _d176577 |
||
| 005 | 20210128112239.0 | ||
| 010 | _aUR-11000 | ||
| 020 |
_c350.00 _a9789387884809 |
||
| 035 | _aU-9555 | ||
| 037 | _bDBAD/PUB | ||
| 082 | _a954.022 | ||
| 100 | _aظفر عبد الر ؤ ف ر حما نی | ||
| 245 |
_aشير شا ہ سو ر ی: عہد، حکو مت ا و ر معنو يت _cظفر عبد الر ؤ ف ر حما نی |
||
| 246 |
_bSher Shah Suri : Ahd, Hukumat aur Manawiyat (Urdu) _aby Zafar Abdur Raoof Rehmani |
||
| 260 |
_aBihar _bCreatyve Star Publications, _c2019 ء |
||
| 270 |
_aJamia Nagar _bNew Delhi _e110025 _l9958380431 |
||
| 300 |
_a416 ص _c22 Cm(Hb) |
||
| 942 |
_2ddc _cUR _h954.022 _mر ح م |
||